000 01147nam a2200253Ia 4500
003 Ost
005 20260507075608.0
008 260507s9999||||xx |||||||||||||| ||und||
040 _cfsecg
041 _aara
082 _a330.9
100 _aنجا، علي عبد الوهاب
_eمؤلف
245 0 _aمشكلات الإقتصاد وطرق حلها :
_bالتضخم - البطالة - التخلف الاقتصادي /
_c علي عبد الوهاب نجا
260 _aالإسكندرية :
_bدار التعليم الجامعي,
_c2020
300 _a352 صفحة؛
_bإيضاحات ؛
_c24 سم
520 _aتناول هذا الكتاب المشاكل الاقتصادية والتي نذكر منها التضخم والبطالة والتخلف الاقتصادي، بالاضافة الى طرق حلها.
653 _aالبطالة
653 _aالتخلف الاقتصادي
653 _aالتضخم
653 _aالمشاكل الإقتصادية
700 _aالفيل، أسامة أحمد
_eمؤلف ثانوي
700 _aعايد، عفاف عبد العزيز
_eمؤلف ثانوي
942 _cكتاب
999 _c45055
_d45055